Induction of defence response in strawberry plants to root-rot disease using some bioagents (Record no. 60825)

MARC details
000 -LEADER
fixed length control field 03663cab a2200313Ia 45 0
001 - CONTROL NUMBER
control field u211887
003 - CONTROL NUMBER IDENTIFIER
control field SIRSI
008 - FIXED-LENGTH DATA ELEMENTS--GENERAL INFORMATION
fixed length control field 160530s2008 ua ss b eng d
040 ## - CATALOGING SOURCE
Original cataloging agency EAL
041 ## - LANGUAGE CODE
Language code of text/sound track or separate title eng
Language code of summary or abstract ara
090 ## - LOCALLY ASSIGNED LC-TYPE CALL NUMBER (OCLC); LOCAL CALL NUMBER (RLIN)
Classification number (OCLC) (R) ; Classification number, CALL (RLIN) (NR) ART AASM V46 No2 5
100 1# - MAIN ENTRY--PERSONAL NAME
Personal name EI-Fiki, A.I.I.
240 10 - UNIFORM TITLE
Uniform title Annals of agricultural science, Moshtohor, 2008 v.46 (2)
Medium [electronic resource].
245 10 - TITLE STATEMENT
Title Induction of defence response in strawberry plants to root-rot disease using some bioagents
Medium [electronic resource].
246 15 - VARYING FORM OF TITLE
Title proper/short title استخدام المقاومة نباتات الفراولة ضد مرض عفن الجذور باستخدام بعض العوامل الحيوية.
300 ## - PHYSICAL DESCRIPTION
Extent p.bo13-22
504 ## - BIBLIOGRAPHY, ETC. NOTE
Bibliography, etc. note Includes references.
520 ## - SUMMARY, ETC.
Summary, etc. To control strawberry root rot complex is common and increasing problem in perennial strawberry plantings worldwide. In many cases the causes of root rot were not detected or it was referred to several pathogens (MoroCko, 2006). Rhizoctonia so/ani Kuhn and R . .fragarlae play a very important role in strawberry root rot (D'Ercole, 1993). Incidences of infection of plants by potentially damaging pathogenic fungi included 13-42% with Sclerotium rolftii, 15-96% with Fusariumoxysporum, 4-17% with Macrophomina phaseolina, 17-42% with Pythium aphanidermatum and 67-92% with Rhizoctonia so/ani. In general, the high incidence of pathogenic fungi, especially S rolftii, F. oxysporum, P. aphanidermatum, and R so/ani, and the severity of root disease caused by them was undoubtably contributed to poor plant growth, early plant mortality, and low yields at Gainesville, USA (Locascio et al., 1999). Biological control of soilborne pathogens by introduced microorganisms has been studied for over 65 years, but during most of that time it has not been considered comercially feasible. Since about 1965, however, interest and research in this area have increased steadily, as reflected by the number of books and reviews about it that have appeared. Concurrently, there has been a shift to the opinion that biological control can have an important role in agriculture in the future, and it is encouraging that several companies now have programs to develop biocontrol agents as commercial products (Weller, 1988). Biological control visualizes a control of disease with the help of living organisms. ht case of root disease, organisms occur in soil which suppress the activity of disease fungi (Mehrotra and Caludius, 1972). Two bacterial isolates and one strain of Trichoderma harzianum were tested alone and in combination with chitin for efficacy in the control of root rot disease caused by Phytophthora capsici and Rhizoctonia so/ani in pepper plants under greenhouse conditions. ht in vitro assays, B. subtilis and T. harzianum were antagonistic against P. capsici and R so/ani and produced high levels of chitinase. B. licheniformis and T. harzianum reduced Rhizoctonia-rot. Reduction of root rot disease was accompanied by increased yield (SidAhmed et al., 2003). A combination of two compatible micro-organisms, i.e. Trichoderma harzianum and Streptomyces rochet, both antagonistic to the pathogen Phytophthora capsici, was used to control root rot in pepper.
546 ## - LANGUAGE NOTE
Language note Summary in Arabic.
596 ## -
-- 1
650 #0 - SUBJECT ADDED ENTRY--TOPICAL TERM
Topical term or geographic name entry element Strawberries
General subdivision Diseases and pests
-- Control.
650 #0 - SUBJECT ADDED ENTRY--TOPICAL TERM
Topical term or geographic name entry element Root rots
General subdivision Biological control.
650 #0 - SUBJECT ADDED ENTRY--TOPICAL TERM
Topical term or geographic name entry element Deficiency diseases in plants.
700 1# - ADDED ENTRY--PERSONAL NAME
Personal name El-Habaa, G. M.
700 1# - ADDED ENTRY--PERSONAL NAME
Personal name Flaifel, S.M.A.
700 1# - ADDED ENTRY--PERSONAL NAME
Personal name Hafez, M.A.
773 0# - HOST ITEM ENTRY
Title Annals of agricultural science, Moshtohor.
Related parts 2008.v.46(2)
International Standard Serial Number 1110-0419
856 40 - ELECTRONIC LOCATION AND ACCESS
Uniform Resource Identifier <a href="http://nile.enal.sci.eg/EALE/2008/AASM/4608/2/13bo.pdf">http://nile.enal.sci.eg/EALE/2008/AASM/4608/2/13bo.pdf</a>
Public note Full Text Article
942 ## - ADDED ENTRY ELEMENTS (KOHA)
Koha item type Articles
Source of classification or shelving scheme Library of Congress Classification

No items available.


Home | About ENAL | Collections | Services | Activities | Calendar | Contact us

7 Nadi El Sayed St., Giza, Egypt | Phone:02-33351121 +02-33351313 | 
| Email: enalegypt@gmail.com